[Event "Quebec op"]
[Site "Montreal CAN"]
[Date "1999.07.31"]
[Round "9"]
[White "Schleifer, Michael"]
[Black "Baiguildine, Ilias"]
[Result "1/2-1/2"]
[WhiteElo "2432"]
[BlackElo "2331"]
[PlyCount "120"]
[GameId "2160767911742943"]
[EventDate "1999.07.24"]
[EventType "swiss"]
[EventRounds "9"]
[EventCountry "CAN"]

1. d4 Nf6 2. c4 e6 3. Bg5 h6 4. Bxf6 Qxf6 5. Nc3 Bb4 6. Rc1 c5 7. d5 exd5 8. cxd5 O-O 9. Nf3 d6 10. g3 Bg4 11. Bg2 Nd7 12. O-O Rfe8 13. a3 Bxf3 14. Bxf3 Bxc3 15. Rxc3 b5 16. Qc2 a5 17. Bg2 b4 18. Rc4 Rab8 19. Rf4 Qd8 20. axb4 Rxb4 21. Rxb4 cxb4 22. e4 Nc5 23. b3 a4 24. bxa4 b3 25. Qc3 Qf6 26. Qb4 Re7 27. a5 Rb7 28. Qc4 Qb2 29. a6 Ra7 30. Qb5 Rxa6 31. Qe8+ Kh7 32. Qxf7 Qf6 33. Qxf6 gxf6 34. Rb1 Ra2 35. Bf1 Rc2 36. e5 Kg7 37. exd6 Kf7 38. d7 Ke7 39. Bb5 Kd8 40. Kg2 b2 41. Kf3 Nxd7 42. h3 Kc7 43. Ke3 Nc5 44. Be8 Kd6 45. Bg6 Rc3+ 46. Kd4 Rb3 47. Bc2 Rb4+ 48. Kc3 Rb8 49. Rxb2 Rxb2 50. Kxb2 Kxd5 51. Kc1 Ne4 52. Bxe4+ Kxe4 53. Kd2 Kf3 54. Ke1 Kg2 55. h4 Kf3 56. Kf1 h5 57. Kg1 f5 58. Kf1 f4 59. gxf4 Kxf4 60. Kg2 Kg4 1/2-1/2

[Event "Quebec op"]
[Site "Montreal CAN"]
[Date "1999.07.31"]
[Round "9"]
[White "Wenaas, Eric"]
[Black "Kalinin, Alexander"]
[Result "0-1"]
[WhiteElo "2156"]
[BlackElo "2425"]
[PlyCount "58"]
[GameId "2160767911742944"]
[EventDate "1999.07.24"]
[EventType "swiss"]
[EventRounds "9"]
[EventCountry "CAN"]
[SourceTitle "EXT 2000"]
[Source "ChessBase"]
[SourceDate "1999.11.18"]
[SourceVersion "1"]
[SourceVersionDate "1999.11.18"]
[SourceQuality "1"]

1. c4 e5 2. Nc3 Nc6 3. Nf3 Nf6 4. e3 Be7 5. d4 exd4 6. Nxd4 O-O 7. Be2 d5 8. cxd5 Nb4 9. O-O Nbxd5 10. Nxd5 Qxd5 11. Qc2 c5 12. Nb5 Bf5 13. Qc4 Qe5 14. f4 Qb8 15. Bf3 Be6 16. Qe2 a6 17. Nc3 b5 18. Bxa8 Bc4 19. Qf3 Bxf1 20. Nd5 Nxd5 21. Bxd5 Bc4 22. Be4 Qd6 23. b3 Bd3 24. Bb2 Bxe4 25. Qxe4 Rd8 26. Rc1 Bf8 27. Qe5 Qd2 28. Rf1 Qe2 29. Bc3 b4 0-1

[Event "Quebec op U2000"]
[Site "Montreal CAN"]
[Date "1999.07.24"]
[Round "1"]
[White "Morin, Louis"]
[Black "Vien, Michel"]
[Result "1-0"]
[WhiteElo "1945"]
[BlackElo "1765"]
[PlyCount "67"]
[GameId "2160767911742945"]
[EventDate "1999.07.24"]
[EventType "swiss"]
[EventRounds "9"]
[EventCountry "CAN"]
[SourceTitle "hb 2013"]

1. e4 c5 2. d4 cxd4 3. c3 dxc3 4. Nxc3 Nc6 5. Nf3 d6 6. Bc4 e6 7. O-O a6 8. Qe2 Bd7 9. Rd1 Be7 10. Bf4 e5 11. Be3 Nf6 12. h3 O-O 13. Kh2 Rc8 14. a3 Qc7 15. Rac1 Qb8 16. b4 Nd8 17. Bb6 Ne6 18. g3 Rc6 19. Be3 Rfc8 20. Nd5 Bd8 21. Nxe5 dxe5 22. Nxf6+ Bxf6 23. Rxd7 b5 24. Ba7 Qxa7 25. Rxa7 bxc4 26. Qd1 Nd4 27. Qa4 c3 28. Rxa6 h6 29. Rxc6 Rxc6 30. b5 Rc5 31. b6 Rb5 32. Qxb5 Nxb5 33. b7 Nxa3 34. b8=Q+ 1-0

[Event "Quebec op U2000"]
[Site "Montreal CAN"]
[Date "1999.07.25"]
[Round "2"]
[White "Gauthier, Luc"]
[Black "Morin, Louis"]
[Result "0-1"]
[WhiteElo "1729"]
[BlackElo "1945"]
[PlyCount "58"]
[GameId "2160767911742946"]
[EventDate "1999.07.24"]
[EventType "swiss"]
[EventRounds "9"]
[EventCountry "CAN"]
[SourceTitle "hb 2013"]

1. e4 e5 2. Nf3 d6 3. d4 Nf6 4. Nc3 Nbd7 5. Bc4 Be7 6. Bxf7+ Kxf7 7. Ng5+ Kg8 8. Ne6 Qe8 9. Nxc7 Qg6 10. O-O Rb8 11. N7d5 Bf8 12. f4 Nxd5 13. Nxd5 Nf6 14. Nxf6+ gxf6 15. f5 Qf7 16. Rf3 h5 17. Rg3+ Bg7 18. dxe5 dxe5 19. Qd8+ Kh7 20. Qd1 b6 21. Rg6 Kg8 22. Qd8+ Qf8 23. Qd5+ Qf7 24. Qd8+ Qf8 25. Qd5+ Kh7 26. Be3 Bb7 27. Qd7 Bxe4 28. Bh6 Rb7 29. Rxg7+ Qxg7 0-1

[Event "Quebec op U2000"]
[Site "Montreal CAN"]
[Date "1999.07.25"]
[Round "2"]
[White "Lacroix, Serge"]
[Black "Tessier, Olivier"]
[Result "1/2-1/2"]
[WhiteElo "1979"]
[BlackElo "1802"]
[PlyCount "79"]
[GameId "2160767911742947"]
[EventDate "1999.07.24"]
[EventType "swiss"]
[EventRounds "9"]
[EventCountry "CAN"]
[SourceTitle "Lacroix"]

1. e4 c5 2. Nf3 Nf6 3. Nc3 d5 4. e5 d4 5. exf6 dxc3 6. fxg7 cxd2+ 7. Qxd2 Qxd2+ 8. Bxd2 Bxg7 9. Bb5+ Bd7 10. Bxd7+ Nxd7 11. O-O-O Ne5 12. Nxe5 Bxe5 13. Rhe1 Bf6 14. Be3 b6 15. Rd5 e6 16. Bg5 Bxg5+ 17. Rxg5 h5 18. Re4 Ke7 19. Rh4 Rag8 20. f4 Kf6 21. Rhxh5 Rxh5 22. Rxg8 Rxh2 23. Kd2 Rh5 24. g4 Rh2+ 25. Kd3 Rf2 26. g5+ Ke7 27. Ra8 Rxf4 28. Rxa7+ Kd6 29. a4 Rf5 30. Rb7 Kc6 31. Re7 Rxg5 32. Rxf7 Re5 33. Kd2 Re4 34. Re7 Kd5 35. Rb7 Rxa4 36. Rxb6 e5 37. Rb8 Rh4 38. Rd8+ Ke4 39. Re8 Kd5 40. Rd8+ 1/2-1/2

[Event "Quebec op U2000"]
[Site "Montreal CAN"]
[Date "1999.07.25"]
[Round "3"]
[White "Morin, Louis"]
[Black "Trottier, Alain"]
[Result "0-1"]
[WhiteElo "1945"]
[BlackElo "1865"]
[PlyCount "102"]
[GameId "2160767911742948"]
[EventDate "1999.07.24"]
[EventType "swiss"]
[EventRounds "9"]
[EventCountry "CAN"]
[SourceTitle "hb 2013"]

1. e4 c6 2. d4 d5 3. Nc3 dxe4 4. Nxe4 Nd7 5. Bc4 Ngf6 6. Ng5 e6 7. Ne2 h6 8. Nf3 Bd6 9. Bf4 Nb6 10. Bb3 Nbd5 11. Bxd6 Qxd6 12. c4 Qb4+ 13. Qd2 Ne4 14. Qxb4 Nxb4 15. Ne5 f6 16. a3 Na6 17. Ng6 Rg8 18. f3 Nd6 19. c5 Nf5 20. g4 Ne7 21. Nxe7 Kxe7 22. O-O-O Nc7 23. Ng3 Nd5 24. Bxd5 cxd5 25. Rhe1 Kf7 26. Ne2 g5 27. Nc3 Bd7 28. b4 Rh8 29. Rh1 h5 30. h4 hxg4 31. hxg5 Rh3 32. Rxh3 gxh3 33. Rh1 Rh8 34. gxf6 Kxf6 35. Kd2 Rh4 36. Ke3 b6 37. f4 bxc5 38. bxc5 Kf5 39. Ne2 Bb5 40. Ng3+ Kg4 41. Kf2 Kxf4 42. Re1 Rh6 43. Re3 a5 44. Rf3+ Kg4 45. Ke3 e5 46. dxe5 d4+ 47. Kf2 h2 48. Nh1 Bc6 49. Rf6 Kg5 50. Rd6 Bxh1 51. e6 Bc6 0-1

[Event "Quebec op U2000"]
[Site "Montreal CAN"]
[Date "1999.07.26"]
[Round "4"]
[White "Plante, Michel"]
[Black "Morin, Louis"]
[Result "1-0"]
[WhiteElo "1803"]
[BlackElo "1945"]
[PlyCount "77"]
[GameId "2160767911742949"]
[EventDate "1999.07.24"]
[EventType "swiss"]
[EventRounds "9"]
[EventCountry "CAN"]
[SourceTitle "hb 2013"]

1. d4 d5 2. e3 e6 3. Nf3 c5 4. b3 Nc6 5. Bb2 Nf6 6. Bd3 cxd4 7. exd4 Bd6 8. O-O Qc7 9. c4 b6 10. Nc3 a6 11. Rc1 O-O 12. Bb1 Bf4 13. Rc2 dxc4 14. bxc4 Nb4 15. Re2 Qxc4 16. Ne5 Qc7 17. Ne4 Bxe5 18. dxe5 Nxe4 19. Rxe4 Nd5 20. Qd3 f5 21. exf6 gxf6 22. Rc1 Qb7 23. Rg4+ Kh8 24. Rh4 Rf7 25. Rcc4 e5 26. f4 b5 27. Rc6 Be6 28. Rxe6 Nxf4 29. Rxf4 exf4 30. Rxf6 Rxf6 31. Bxf6+ Kg8 32. Qb3+ Kf8 33. Qb4+ Kf7 34. Qxf4 Re8 35. Bc3+ Ke7 36. Bb4+ Kd8 37. Bf5 Qb6+ 38. Kh1 Qc7 39. Qd4+ 1-0

[Event "Quebec op U2000"]
[Site "Montreal CAN"]
[Date "1999.07.27"]
[Round "5"]
[White "Morin, Louis"]
[Black "Shvab, Boris"]
[Result "1-0"]
[WhiteElo "1945"]
[BlackElo "1806"]
[PlyCount "47"]
[GameId "2160767911742950"]
[EventDate "1999.07.24"]
[EventType "swiss"]
[EventRounds "9"]
[EventCountry "CAN"]
[SourceTitle "hb 2013"]

1. e4 e6 2. d4 d5 3. e5 c5 4. Qg4 cxd4 5. Nf3 Nc6 6. Bd3 Nge7 7. O-O Qc7 8. Re1 Nb4 9. Nxd4 Nxd3 10. cxd3 Bd7 11. Nc3 a6 12. Bd2 Ng6 13. Qg3 Be7 14. Nxd5 exd5 15. e6 Qxg3 16. exd7+ Kxd7 17. hxg3 Bf6 18. Nf3 Rac8 19. Rac1 Bxb2 20. Rb1 Rc2 21. Red1 Bf6 22. Rxb7+ Kc6 23. Rdb1 Rxa2 24. R1b6+ 1-0

[Event "Quebec op U2000"]
[Site "Montreal CAN"]
[Date "1999.07.28"]
[Round "6"]
[White "Lacroix, Serge"]
[Black "Proulx, Denis"]
[Result "1/2-1/2"]
[WhiteElo "1979"]
[BlackElo "1766"]
[PlyCount "73"]
[GameId "2160767911742951"]
[EventDate "1999.07.24"]
[EventType "swiss"]
[EventRounds "9"]
[EventCountry "CAN"]
[SourceTitle "Lacroix"]

1. e4 c5 2. Nf3 d6 3. d4 cxd4 4. Nxd4 Nf6 5. Nc3 a6 6. Bg5 e6 7. f4 Qc7 8. Qf3 Nbd7 9. O-O-O b5 10. Bxf6 Nxf6 11. Bd3 Bb7 12. g4 b4 13. Nce2 Be7 14. h4 O-O-O 15. g5 Nd7 16. h5 Nc5 17. Nb3 Kb8 18. Ned4 g6 19. Kb1 e5 20. fxe5 dxe5 21. Nxc5 Bxc5 22. Nb3 Bb6 23. Qf6 Ka7 24. Rdf1 Rhf8 25. Qg7 a5 26. hxg6 hxg6 27. Rh7 a4 28. Nc1 Be3 29. a3 bxa3 30. Rxf7 Rxf7 31. Qxf7 Qb6 32. Qa2 Qxb2+ 33. Qxb2 axb2 34. Kxb2 Rd6 35. Ne2 a3+ 36. Kxa3 Kb6 37. Nc3 1/2-1/2

[Event "Quebec op U2000"]
[Site "Montreal CAN"]
[Date "1999.07.28"]
[Round "6"]
[White "Papineau (Montreal), Daniel"]
[Black "Morin, Louis"]
[Result "0-1"]
[WhiteElo "1795"]
[BlackElo "1945"]
[PlyCount "36"]
[GameId "2160767911742952"]
[EventDate "1999.07.24"]
[EventType "swiss"]
[EventRounds "9"]
[EventCountry "CAN"]
[SourceTitle "hb 2013"]

1. c4 e5 2. g3 d6 3. Bg2 c6 4. Nc3 f5 5. d4 e4 6. Nh3 Nf6 7. d5 Be7 8. Nf4 O-O 9. h4 Na6 10. b3 Nc7 11. f3 exf3 12. exf3 Nd7 13. Bb2 Ne5 14. O-O Ne8 15. Nce2 Bf6 16. Nd4 Qb6 17. Kh1 Nxc4 18. Bc1 Bxd4 0-1

[Event "Quebec op U2000"]
[Site "Montreal CAN"]
[Date "1999.07.29"]
[Round "7"]
[White "Morin, Louis"]
[Black "Metivier, Nicolas"]
[Result "0-1"]
[WhiteElo "1945"]
[BlackElo "1707"]
[PlyCount "128"]
[GameId "2160767911742953"]
[EventDate "1999.07.24"]
[EventType "swiss"]
[EventRounds "9"]
[EventCountry "CAN"]
[SourceTitle "hb 2013"]

1. e4 e5 2. Nf3 d6 3. d4 Nf6 4. Nc3 Nbd7 5. Bc4 Be7 6. O-O O-O 7. h3 c6 8. a4 Qc7 9. Ba2 b6 10. Be3 a6 11. dxe5 dxe5 12. Qe2 Bb7 13. Rfd1 b5 14. axb5 axb5 15. Nd2 b4 16. Na4 c5 17. Bb3 Bxe4 18. Bxc5 Nxc5 19. Nxc5 Bxg2 20. Kxg2 Bxc5 21. Ne4 Nxe4 22. Qxe4 Rxa1 23. Rxa1 Bd4 24. Ra8 g6 25. Ra6 Kg7 26. Qf3 Qe7 27. Kf1 Bxb2 28. Rb6 Bc3 29. Rb7 Qf6 30. Qd5 Bd4 31. f3 Qf4 32. Ke2 Qe3+ 33. Kd1 Qg1+ 34. Ke2 Qg2+ 35. Kd3 Qf1+ 36. Kd2 Bc3+ 37. Ke3 Qe1+ 38. Kd3 Qd2+ 39. Kc4 Qe2+ 40. Kc5 Qe3+ 41. Kc6 Qf4 42. Rd7 Kh6 43. Rxf7 Rxf7 44. Qxf7 Qxf7 45. Bxf7 Kg5 46. Bg8 Kf4 47. Bxh7 Kxf3 48. Bxg6 e4 49. Kd5 e3 50. Kc4 e2 51. Bh5+ Ke3 52. Bxe2 Kxe2 53. h4 Kd2 54. Kb3 Ke3 55. h5 Kd4 56. h6 Kc5 57. h7 Kb5 58. Ka2 Ka4 59. Kb1 Ka3 60. Kc1 Ka2 61. Kd1 Kb2 62. h8=Q Bxh8 63. Kd2 Bc3+ 64. Kd3 Kc1 0-1

[Event "Quebec op U2000"]
[Site "Montreal CAN"]
[Date "1999.07.29"]
[Round "7"]
[White "Sarra-Bournet, Marc"]
[Black "Lacroix, Serge"]
[Result "1-0"]
[WhiteElo "1720"]
[BlackElo "1979"]
[PlyCount "54"]
[GameId "2160767911742954"]
[EventDate "1999.07.24"]
[EventType "swiss"]
[EventRounds "9"]
[EventCountry "CAN"]
[SourceTitle "Lacroix"]

1. e4 e5 2. Nf3 Nc6 3. Bb5 a6 4. Ba4 Nf6 5. O-O Be7 6. Re1 b5 7. Bb3 d6 8. c3 O-O 9. h3 Nd7 10. d4 Nb6 11. Nbd2 exd4 12. cxd4 d5 13. Bc2 Be6 14. e5 Qd7 15. Nf1 Bf5 16. Bxf5 Qxf5 17. g4 Qg6 18. Ng3 Qe6 19. Kg2 a5 20. Bg5 Bxg5 21. Nxg5 Qd7 22. Qd3 g6 23. Nh5 f5 24. Nf6+ Rxf6 25. exf6 fxg4 26. f7+ Kg7 27. Re8 h6 1-0

[Event "Quebec op U2000"]
[Site "Montreal CAN"]
[Date "1999.07.30"]
[Round "8"]
[White "Morin, Louis"]
[Black "Proulx, Denis"]
[Result "1-0"]
[WhiteElo "1945"]
[BlackElo "1766"]
[PlyCount "83"]
[GameId "2160767911742955"]
[EventDate "1999.07.24"]
[EventType "swiss"]
[EventRounds "9"]
[EventCountry "CAN"]
[SourceTitle "hb 2013"]

1. e4 c5 2. d4 cxd4 3. c3 Nf6 4. e5 Nd5 5. Qxd4 Nb6 6. Nf3 Nc6 7. Qe4 e6 8. Bd3 d6 9. exd6 Bxd6 10. Bg5 Qc7 11. Qh4 Nd7 12. Nbd2 Nde5 13. Nxe5 Nxe5 14. Bb5+ Bd7 15. Bxd7+ Qxd7 16. O-O f6 17. Be3 f5 18. Nc4 Be7 19. Qh5+ g6 20. Nxe5 gxh5 21. Nxd7 Kxd7 22. Rad1+ Kc6 23. Bf4 Rhg8 24. Rd3 Rg4 25. Re1 Rxf4 26. Rxe6+ Kc5 27. Rxe7 Re4 28. Rxe4 fxe4 29. Rd4 a5 30. Rxe4 Rd8 31. Rd4 Rxd4 32. cxd4+ Kxd4 33. Kf1 h4 34. Ke2 Ke4 35. f3+ Kd4 36. Kd2 h5 37. Ke2 a4 38. Kd2 b6 39. Ke2 b5 40. Kd2 b4 41. g3 h3 42. b3 1-0

[Event "Quebec op U2000"]
[Site "Montreal CAN"]
[Date "1999.07.31"]
[Round "9"]
[White "Sarra-Bournet, Marc"]
[Black "Morin, Louis"]
[Result "1-0"]
[WhiteElo "1720"]
[BlackElo "1945"]
[PlyCount "49"]
[GameId "2160767911742956"]
[EventDate "1999.07.24"]
[EventType "swiss"]
[EventRounds "9"]
[EventCountry "CAN"]
[SourceTitle "hb 2013"]

1. e4 e5 2. Nf3 d6 3. d4 Nf6 4. Nc3 Nbd7 5. Bc4 Be7 6. Bxf7+ Kxf7 7. Ng5+ Kg8 8. Ne6 Qe8 9. Nxc7 Qg6 10. Nxa8 Qxg2 11. Rf1 exd4 12. Qxd4 Ne5 13. f4 Nfg4 14. Qd5+ Nf7 15. Qc4 Bh4+ 16. Kd1 Be6 17. Qb5 Bd7 18. Qc4 Nf2+ 19. Ke2 Nxe4+ 20. Ke3 Bf2+ 21. Rxf2 Nxf2 22. Kd4 Ng4 23. Ne4 Bc6 24. Nxd6 Qf3 25. Qxf7# 1-0

[Event "Quebec-ch"]
[Site "Montreal CAN"]
[Date "1999.06.22"]
[Round "1.1"]
[White "Desjardins, Andre"]
[Black "Duong, Thanh Nha"]
[Result "0-1"]
[WhiteElo "2085"]
[BlackElo "2299"]
[PlyCount "68"]
[GameId "2160767911743321"]
[EventDate "1999.06.05"]
[EventType "k.o."]
[EventRounds "4"]
[EventCountry "CAN"]
[SourceTitle "EXT 2000"]
[Source "ChessBase"]
[SourceDate "1999.11.18"]
[SourceVersion "1"]
[SourceVersionDate "1999.11.18"]
[SourceQuality "1"]

1. e4 e5 2. Nf3 Nc6 3. Bb5 a6 4. Ba4 Nf6 5. O-O Be7 6. Re1 b5 7. Bb3 O-O 8. c3 d5 9. exd5 Nxd5 10. Nxe5 Nxe5 11. Rxe5 c6 12. d3 Bd6 13. Re2 Bf5 14. f3 Qh4 15. g3 Qh3 16. d4 h5 17. a4 h4 18. axb5 axb5 19. Rxa8 Rxa8 20. Na3 hxg3 21. hxg3 Bxg3 22. Bd2 Nf4 23. Bxf4 Bxf4 24. d5 Rd8 25. Nc2 Rd6 26. Rg2 Bxc2 27. Bxc2 Be3+ 28. Kf1 Qh1+ 29. Ke2 Qxg2+ 30. Kxe3 Rxd5 31. Bd3 f5 32. b4 f4+ 33. Kxf4 Qg5+ 34. Ke4 Qe5# 0-1

[Event "Quebec-ch"]
[Site "Montreal CAN"]
[Date "1999.06.22"]
[Round "1.1"]
[White "Khassanov, Marat"]
[Black "Strassmann, Swantje"]
[Result "1-0"]
[WhiteElo "2345"]
[BlackElo "2115"]
[PlyCount "67"]
[GameId "2160767911743322"]
[EventDate "1999.06.05"]
[EventType "k.o."]
[EventRounds "4"]
[EventCountry "CAN"]
[SourceTitle "EXT 2000"]
[Source "ChessBase"]
[SourceDate "1999.11.18"]
[SourceVersion "1"]
[SourceVersionDate "1999.11.18"]
[SourceQuality "1"]

1. e4 c5 2. Nf3 d6 3. d4 cxd4 4. Nxd4 Nf6 5. Nc3 a6 6. Be3 e6 7. Qd2 Be7 8. f3 b5 9. a3 Bb7 10. g4 Nc6 11. g5 Nd7 12. h4 Nde5 13. Qg2 Na5 14. f4 Nec4 15. Bc1 Qb6 16. Qf2 d5 17. b4 dxe4 18. bxa5 Qxa5 19. Rh3 e3 20. Rxe3 Nxe3 21. Qxe3 b4 22. axb4 Qxa1 23. Nb3 Qxc1+ 24. Nxc1 Bxb4 25. N1a2 Bxc3+ 26. Nxc3 O-O 27. Bd3 Rfb8 28. h5 Kh8 29. Ne4 Bc6 30. Nd6 Be8 31. h6 Rd8 32. Qe5 f6 33. gxf6 Ra7 34. f7 1-0

[Event "Quebec-ch"]
[Site "Montreal CAN"]
[Date "1999.06.22"]
[Round "1.1"]
[White "Larochelle, Martial"]
[Black "Hua, Lefong"]
[Result "0-1"]
[WhiteElo "2273"]
[BlackElo "2248"]
[PlyCount "38"]
[GameId "2160767911743323"]
[EventDate "1999.06.05"]
[EventType "k.o."]
[EventRounds "4"]
[EventCountry "CAN"]

1. d4 d5 2. Nf3 e6 3. e3 c5 4. b3 Nc6 5. Bd3 Nf6 6. O-O Bd6 7. Bb2 O-O 8. Ne5 Qc7 9. Nxc6 bxc6 10. dxc5 Bxh2+ 11. Kh1 Be5 12. Bd4 Bxd4 13. exd4 e5 14. dxe5 Qxe5 15. c3 Ng4 16. g3 Qh5+ 17. Kg2 Qh2+ 18. Kf3 Re8 19. Na3 Re3+ 0-1

[Event "Quebec-ch"]
[Site "Montreal CAN"]
[Date "1999.06.22"]
[Round "1.1"]
[White "Prahov, Valentin"]
[Black "Leveille, Francois"]
[Result "1/2-1/2"]
[WhiteElo "2235"]
[BlackElo "2345"]
[PlyCount "86"]
[GameId "2160767911743324"]
[EventDate "1999.06.05"]
[EventType "k.o."]
[EventRounds "4"]
[EventCountry "CAN"]
[SourceTitle "EXT 2000"]
[Source "ChessBase"]
[SourceDate "1999.11.18"]
[SourceVersion "1"]
[SourceVersionDate "1999.11.18"]
[SourceQuality "1"]

1. e4 c5 2. Nf3 d6 3. d4 cxd4 4. Nxd4 Nf6 5. Nc3 Nc6 6. Be2 e6 7. Be3 Be7 8. O-O O-O 9. f4 a6 10. Qe1 Nxd4 11. Bxd4 b5 12. Bd3 Bb7 13. a3 Bc6 14. Qg3 Nh5 15. Qg4 Nf6 16. Qh3 g6 17. Rad1 Nh5 18. Be2 Ng7 19. Kh1 Qb8 20. f5 e5 21. Be3 f6 22. Nd5 Qb7 23. c4 gxf5 24. exf5 bxc4 25. Bxc4 Kh8 26. b3 Bb5 27. Qh6 Bxc4 28. bxc4 Rf7 29. Rf3 Rg8 30. Rdf1 Bd8 31. Bf2 Qb2 32. Be1 Nxf5 33. Qh3 Nd4 34. Bc3 Qe2 35. Bxd4 Qxc4 36. Qe6 Re7 37. Qxd6 Qxd4 38. Rxf6 Reg7 39. R6f5 Rxg2 40. Qxe5+ Qxe5 41. Rxe5 Ra2 42. Re3 Rd2 43. Re5 Ra2 1/2-1/2

[Event "Quebec-ch"]
[Site "Montreal CAN"]
[Date "1999.06.22"]
[Round "1.1"]
[White "Schleifer, Michael"]
[Black "St Amand, Paul Jr"]
[Result "1/2-1/2"]
[WhiteElo "2305"]
[BlackElo "2165"]
[PlyCount "65"]
[GameId "2160767911743325"]
[EventDate "1999.06.05"]
[EventType "k.o."]
[EventRounds "4"]
[EventCountry "CAN"]
[SourceTitle "EXT 2000"]
[Source "ChessBase"]
[SourceDate "1999.11.18"]
[SourceVersion "1"]
[SourceVersionDate "1999.11.18"]
[SourceQuality "1"]

1. d4 Nf6 2. Nf3 e6 3. c4 c5 4. g3 cxd4 5. Nxd4 Nc6 6. Bg2 Qb6 7. Nc2 d5 8. cxd5 exd5 9. O-O Be6 10. Nc3 d4 11. Bxc6+ bxc6 12. Na4 Qa5 13. Qxd4 Rd8 14. Qh4 Ng4 15. Bg5 f6 16. Bxf6 Nxf6 17. Nc3 g5 18. Qa4 Qxa4 19. Nxa4 Rd2 20. Rfc1 Rxe2 21. Nd4 Re4 22. Rxc6 Kd7 23. Rxe6 Rxe6 24. Nxe6 Kxe6 25. Rc1 Kd7 26. Nc5+ Bxc5 27. Rxc5 h6 28. Ra5 Ra8 29. Ra6 Ke7 30. b4 h5 31. b5 Nd7 32. Rg6 g4 33. Rg5 1/2-1/2

[Event "Quebec-ch"]
[Site "Montreal CAN"]
[Date "1999.06.22"]
[Round "1.1"]
[White "Wenaas, Eric"]
[Black "Goldenberg, Danny"]
[Result "0-1"]
[WhiteElo "2116"]
[BlackElo "2256"]
[PlyCount "72"]
[GameId "2160767911743326"]
[EventDate "1999.06.05"]
[EventType "k.o."]
[EventRounds "4"]
[EventCountry "CAN"]
[SourceTitle "EXT 2000"]
[Source "ChessBase"]
[SourceDate "1999.11.18"]
[SourceVersion "1"]
[SourceVersionDate "1999.11.18"]
[SourceQuality "1"]

1. Nf3 g6 2. c4 Bg7 3. Nc3 d6 4. g3 e5 5. Bg2 Ne7 6. d4 O-O 7. O-O Nd7 8. e4 exd4 9. Nxd4 Nc6 10. Be3 Nde5 11. Nxc6 bxc6 12. Qa4 Be6 13. c5 Nc4 14. Qxc6 Nxe3 15. fxe3 Qg5 16. cxd6 Qxe3+ 17. Kh1 cxd6 18. Rfe1 Qc5 19. Qxc5 dxc5 20. Rac1 Rab8 21. b3 c4 22. bxc4 Bxc4 23. Nd5 Bxa2 24. Rc7 a5 25. Rec1 a4 26. Ra7 Bb3 27. Bf1 Bb2 28. Rcc7 Bd4 29. Rab7 Rxb7 30. Rxb7 Bc2 31. Bg2 a3 32. Nb4 Bb1 33. Rd7 Bc3 34. Rd1 Bxb4 35. Rxb1 Bc3 36. Bf1 a2 0-1

[Event "Quebec-ch"]
[Site "Montreal CAN"]
[Date "1999.06.22"]
[Round "1.2"]
[White "Duong, Thanh Nha"]
[Black "Desjardins, Andre"]
[Result "1-0"]
[WhiteElo "2299"]
[BlackElo "2085"]
[PlyCount "135"]
[GameId "2160767911743327"]
[EventDate "1999.06.05"]
[EventType "k.o."]
[EventRounds "4"]
[EventCountry "CAN"]
[SourceTitle "EXT 2000"]
[Source "ChessBase"]
[SourceDate "1999.11.18"]
[SourceVersion "1"]
[SourceVersionDate "1999.11.18"]
[SourceQuality "1"]

1. c4 Nf6 2. Nc3 g6 3. g3 Bg7 4. Bg2 O-O 5. e4 e5 6. Nge2 Nc6 7. d3 d6 8. O-O Nd7 9. Be3 Kh8 10. Qd2 Nc5 11. Rad1 Ne6 12. Bh6 Ncd4 13. Bxg7+ Kxg7 14. Nxd4 Nxd4 15. Ne2 Nxe2+ 16. Qxe2 c5 17. f4 f6 18. h4 h6 19. Bf3 Bd7 20. Bg4 Bc6 21. Be6 Qe7 22. Qg4 h5 23. Qh3 Rae8 24. f5 Rh8 25. Rd2 a6 26. Rdf2 b5 27. Bd5 Bxd5 28. cxd5 Qd7 29. Kh2 Rh6 30. fxg6 Qxh3+ 31. Kxh3 Rxg6 32. Rf5 Rh6 33. Rc1 a5 34. Rf2 Rg8 35. a3 a4 36. b3 axb3 37. Rb2 Rg6 38. Rxb3 Kh6 39. Rg1 Rb8 40. Rgb1 Ra8 41. Rf1 Ra5 42. Rf3 Kg7 43. Rf5 Rh6 44. Rf1 Rh8 45. Rfb1 Rb8 46. g4 Kg6 47. gxh5+ Kxh5 48. Rf1 Rba8 49. Rxf6 Rxa3 50. Rf5+ Kg6 51. Rxb5 Rxd3+ 52. Kg4 Ra7 53. Rb6 Rd7 54. Rxe5 Kh7 55. Rh5+ Kg6 56. Rg5+ Kf7 57. Rf5+ Kg7 58. Rb1 Re7 59. Kf4 Rf7 60. Rxf7+ Kxf7 61. Rb7+ Ke8 62. Kf5 Re3 63. h5 Kd8 64. h6 Kc8 65. Rg7 c4 66. h7 Rh3 67. Rg8+ Kc7 68. h8=Q 1-0

[Event "Quebec-ch"]
[Site "Montreal CAN"]
[Date "1999.06.22"]
[Round "1.2"]
[White "Goldenberg, Danny"]
[Black "Wenaas, Eric"]
[Result "0-1"]
[WhiteElo "2256"]
[BlackElo "2116"]
[PlyCount "66"]
[GameId "2160767911743328"]
[EventDate "1999.06.05"]
[EventType "k.o."]
[EventRounds "4"]
[EventCountry "CAN"]
[SourceTitle "EXT 2000"]
[Source "ChessBase"]
[SourceDate "1999.11.18"]
[SourceVersion "1"]
[SourceVersionDate "1999.11.18"]
[SourceQuality "1"]

1. e4 e5 2. Nf3 Nc6 3. Bc4 Bc5 4. d3 Nf6 5. Bg5 d6 6. Nc3 h6 7. Bh4 Bg4 8. h3 Bxf3 9. Qxf3 Nd4 10. Qd1 c6 11. a3 Bb6 12. Ne2 Ne6 13. Bxe6 fxe6 14. d4 g5 15. Bg3 Nxe4 16. dxe5 dxe5 17. O-O Qxd1 18. Raxd1 Rf8 19. h4 g4 20. Rd3 Rd8 21. Rxd8+ Kxd8 22. c3 Ke8 23. b4 Rf7 24. c4 Bd4 25. c5 b6 26. Nxd4 Nxg3 27. Re1 exd4 28. fxg3 bxc5 29. Rxe6+ Kd7 30. Re4 Kd6 31. bxc5+ Kxc5 32. Rf4 Rxf4 33. gxf4 g3 0-1

[Event "Quebec-ch"]
[Site "Montreal CAN"]
[Date "1999.06.22"]
[Round "1.2"]
[White "Hua, Lefong"]
[Black "Larochelle, Martial"]
[Result "1/2-1/2"]
[WhiteElo "2248"]
[BlackElo "2273"]
[PlyCount "132"]
[GameId "2160767911743329"]
[EventDate "1999.06.05"]
[EventType "k.o."]
[EventRounds "4"]
[EventCountry "CAN"]

1. c4 e5 2. a3 Nc6 3. Nc3 g6 4. g3 Bg7 5. Bg2 d6 6. d3 f5 7. e3 Nf6 8. Nge2 O-O 9. O-O Ne7 10. b4 d5 11. cxd5 Nexd5 12. Qc2 c6 13. Rb1 Be6 14. Na4 Bf7 15. e4 Ne7 16. Bb2 Nh5 17. Rbd1 fxe4 18. dxe4 Qc7 19. Nc5 Rad8 20. Bh3 b6 21. Ne6 Bxe6 22. Bxe6+ Kh8 23. Nc3 Qb8 24. b5 Rd6 25. Qb3 Rd4 26. bxc6 Nxc6 27. Nb5 Rdd8 28. Bd5 Na5 29. Qe3 a6 30. Nc3 b5 31. Na2 Nc4 32. Qe2 Nxb2 33. Qxb2 Nf6 34. Nb4 Qb6 35. Rc1 a5 36. Nc6 Nxd5 37. Nxd8 Ne7 38. Ne6 Qxe6 39. Qxb5 Qg4 40. Rc7 Bf6 41. Qc5 Qxe4 42. Rxe7 Bxe7 43. Qxe7 Qf5 44. Qc5 h5 45. h4 g5 46. Re1 Re8 47. Qc6 Re6 48. Qc8+ Kg7 49. Rd1 gxh4 50. Rd7+ Kh6 51. Qh8+ Kg5 52. Rg7+ Rg6 53. Qd8+ Qf6 54. Qd2+ Kg4 55. Qe2+ Kg5 56. Qd2+ Kg4 57. f3+ Kf5 58. Qd3+ Kg5 59. Qe3+ Kf5 60. Qe4+ Kg5 61. Rxg6+ Qxg6 62. Qxe5+ Kh6 63. Qh8+ Kg5 64. Qd8+ Kh6 65. Qf8+ Kh7 66. Qe7+ Kh6 1/2-1/2